The Top 20 Biggest Selling Groups Of All Time - Statistics

General Stats
  • This quiz has been taken 843 times
  • The average score is 5 of 20
Answer Stats
Rank Answer % Correct
1. Beatles
96%
4. Rolling Stones
77%
2. Queen
50%
9. U2
41%
3. Abba
39%
7. Spice Girls
36%
8. Bee Gees
22%
5. Oasis
20%
6. Take That
19%
19. Police
15%
16. Westlife
15%
11. Boyzone
13%
20. Wham
13%
13. Black Eyed Peas
6%
12. Blondie
5%
10. Status Quo
4%
17. UB40
4%
14. Boney M
2%
18. Madness
2%
15. Slade
2%
No matching quizzes found
Score Distribution
Percent of People with Each Score
Percentile by Number Answered
Your Score History
You have not taken this quiz